|
|
|
|
| LEADER |
00000nam0a2200000 4500 |
| 001 |
274423 |
| 005 |
20231101234727.0 |
| 035 |
|
|
|a (RuTPU)RU\TPU\book\297633
|
| 090 |
|
|
|a 274423
|
| 100 |
|
|
|a 20141105d1960 k y0rusy50 ca
|
| 101 |
0 |
|
|a rus
|
| 102 |
|
|
|a RU
|
| 105 |
|
|
|a a z 001zy
|
| 200 |
1 |
|
|a Анализ геотектонического развития и сейсмичности Кавказа
|e итоги деятельности Кавказской геолого-геофизической экспедиции 1950 г.
|f И. В. Кириллова [и др.]
|g Академия наук СССР (АН СССР), Институт физики Земли им. О. Ю. Шмидта (ИФЗ)
|
| 210 |
|
|
|a Москва
|c Изд-во Академии наук СССР
|d 1960
|
| 215 |
|
|
|a 340 с.
|c ил.
|
| 320 |
|
|
|a Библиогр.: с. 319-338.
|
| 606 |
1 |
|
|a Сейсмология
|2 stltpush
|3 (RuTPU)RU\TPU\subj\54391
|9 72548
|
| 610 |
1 |
|
|a тектоника
|
| 610 |
1 |
|
|a Кавказ
|
| 610 |
1 |
|
|a сейсмические районы
|
| 610 |
1 |
|
|a землетрясения
|
| 610 |
1 |
|
|a изучение
|
| 610 |
1 |
|
|a геологическое развитие
|
| 610 |
1 |
|
|a тектоническое районирование
|
| 610 |
1 |
|
|a складчатость
|
| 610 |
1 |
|
|a сейсмическая активность
|
| 610 |
1 |
|
|a очаги
|
| 675 |
|
|
|a 551
|v 3
|
| 701 |
|
1 |
|a Кириллова
|b И. В.
|g Ирина Васильевна
|
| 701 |
|
1 |
|a Люстих
|b Е. Н.
|
| 701 |
|
1 |
|a Растворова
|b В. А.
|
| 701 |
|
1 |
|a Сорский
|b А. А.
|
| 701 |
|
1 |
|a Хаин
|b В. Е.
|
| 712 |
0 |
2 |
|a Академия наук СССР (АН СССР)
|b Институт физики Земли им. О. Ю. Шмидта (ИФЗ)
|c (Москва)
|c (1956-1991)
|2 stltpush
|3 (RuTPU)RU\TPU\col\209
|
| 801 |
|
1 |
|a RU
|b 63413507
|c 20141105
|
| 801 |
|
2 |
|a RU
|b 63413507
|c 20210526
|g RCR
|
| 942 |
|
|
|c BK
|